Spécialités et curiosités de Meurthe et Moselle - Statistiques

Statistiques générales
  • Ce quiz a été pris 102 fois
  • Le résultat moyen est 6 sur 15
Statistiques - réponses
Spécialité ou curiosité Ville ou village % Correct
Bergamote Nancy
98%
Cristallerie d'art Baccarat
71%
Château des ducs de Lorraine Lunéville
65%
Abbaye des Prémontrés Pont-à-Mousson
57%
Eglise Saint Gengoult Toul
56%
Remparts Vauban Longwy
55%
Madeleine artisanale Liverdun
50%
Jardin botanique Jean-Marie Pelt Villers-Les-Nancy
29%
Village du livre Fontenoy la Joute
21%
Château des Beauvau-Craon Haroué
18%
Batterie de l'éperon Frouard
15%
Camp de travail nazi Thil
10%
Ecole française de parachutisme Azelot
9%
"Colline inspirée" Sion-Vaudémont
9%
Maison forte Villey-Saint-Etienne
2%
Aucun quiz correspondant
Distribution des résultats
% des personnes avec chaque résultat
Percentile par nombre de réponses
Votre historique - résultats
Vous n’avez pas pris ce quiz